Statystyki dla Byli zawodnicy ekstraklasy który grali w "wielkich klubach". 2022/23

Kliknij tutaj aby rozwiązać quiz!

Ogólne statystyki

  • Ten quiz został rozwiązany 146 razy
  • Średni wynik to 12 z 20

Statystyki odpowiedzi

Ekstraklasanp. Duży klubObecnieZawodnik% Poprawnych
Lech PoznańBayern MonachiumFC BarcelonaRobert Lewandowski
99%
Zagłębie LubinBorussia DortmundLKS Goczałkowice-ZdrójŁukasz Piszczek
82%
Górnik ZabrzeSSC NapoliMarseilleArkadiusz Milik
80%
Pogoń SzczecinWest Bromwich AlbionPogoń SzczecinKamil Grosicki
80%
Legia WarszawaFC ArsenalWest Ham UnitedŁukasz Fabiański
80%
Legia WarszawaLeicester CityLegia WarszawaBartosz Kapustka
77%
CracoviaAC MilanHertha BSCKrzysztof Piątek
76%
Lech PoznańSouthamptonSouthamptonJan Bednarek
75%
Górnik ZabrzeFC ArsenalGórnik ZabrzeLukas Podolski
72%
Lechia GdańskWolverhampton WanderersWieczysta KrakowSławomir Peszko
72%
ŁKS ŁódźFC BarcelonaCorinthiansPaulinho
66%
Zagłębie LubinCrystal PalaceZagłębie LubinJarosław Jach
57%
Lech PoznańNottingham ForestWieczysta KrakowRadoslaw Majewski
57%
Legia WarszawaNorwichKAA GentVadis Odjidja-Ofoe
49%
Wisła KrakówOlympique LyonWestern Sydney WanderersMarcelo
46%
CracoviaSevilla FCCracoviaYevgen Konoplyanka
29%
Legia WarszawaBrentfordBrentfordJoel Valencia
27%
Piast GliwiceRCD MallorcaDeportivo AlavésAleksandar Sedlar
17%
Legia WarszawaVfB StuttgartFC Trinity ZlinAdam Hlousek
10%
Wisła PłockCádiz CFAtlético SanluqueñoAiram Cabrera
2%

Rozkład punktacji

Percentyl według liczby udzielonych odpowiedzi

Procent ludzi z każdym wynikiem

Twoja historia wyników

Nie rozwiązałeś tego quizu